fifa 16 cards 90+ rated - Statistics

General Stats
  • This quiz has been taken 361 times
    360 since last reset
  • The average score is 27 of 45
Answer Stats
Rating Card Type Answer % Correct
99 Toty Messi
100%
94 Rare Gold Messi
100%
98 Toty Ronaldo
100%
96 Inform Ronaldo
100%
95 Hero Ronaldo
100%
94 Inform Ronaldo
100%
93 Rare Gold Ronaldo
100%
97 Toty Neymar
91%
91 Inform Neymar
91%
90 Inform Neymar
91%
95 Legend Pele
86%
94 Motm Suarez
82%
93 Inform Suarez
82%
92 Inform Suarez
82%
91 Inform Suarez
82%
90 Rare Gold Suarez
82%
93 Toty Modric
73%
95 Toty Iniesta
72%
96 Toty Neuer
72%
91 Inform Neuer
72%
90 Rare Gold Neuer
72%
94 Toty Ramos
70%
92 Toty Alves
51%
93 Toty Pogba
51%
92 Motm Ibrahimovic
50%
91 Inform Ibrahimovic
50%
90 Hero Ibrahimovic
50%
94 Toty Silva
50%
90 Inform Lewandowski
47%
91 Inform Robben
47%
90 Rare Gold Robben
47%
92 Legend Maldini
40%
93 Legend Beckenbauer
37%
90 Legend Gullit
32%
91 Legend Van Basten
29%
90 Legend Best
26%
92 Legend Baresi
24%
91 Legend Matthaus
23%
90 Legend Nesta
23%
90 Legend Figo
20%
90 Legend Schmeichel
19%
90 Legend Bergkamp
18%
90 Legend Van Nistelrooy
17%
90 Legend Stoichkov
14%
90 Legend Butragueno
12%
No matching quizzes found
Score Distribution
Percent of People with Each Score
Percentile by Number Answered
Your Score History
You have not taken this quiz since the last reset